Loading...
| Literature - World | 0 | 5 | 0 | 1 | 50 | 96 | 113.00 | 0 | 0 | 1.67 | 7.78 |
| History - World | 0 | 4 | 0 | 0 | 40 | 51 | 76.00 | 1 | 2 | 11.40 | 22.22 |
| Literature - American | 0 | 4 | 0 | 1 | 40 | 108 | 116.50 | 0 | 0 | 1.01 | 11.11 |
| Fine Arts - Classical Music | 0 | 4 | 0 | 1 | 40 | 98 | 109.00 | 0 | 0 | 2.33 | 15.56 |
| Current Events | 0 | 4 | 0 | 1 | 40 | 74 | 97.00 | 0 | 1 | 9.07 | 36.11 |
| History - Other | 0 | 4 | 1 | 1 | 35 | 14 | 74.25 | 1 | 1 | 13.16 | 12.22 |
| Fine Arts - Other | 0 | 3 | 0 | 0 | 30 | 90 | 95.33 | 0 | 2 | 2.71 | 17.78 |
| Popular Culture | 0 | 3 | 0 | 0 | 30 | 36 | 70.33 | 0 | 1 | 16.71 | 23.81 |
| Fine Arts - Painting and Sculpture | 0 | 3 | 0 | 1 | 30 | 49 | 87.00 | 0 | 1 | 5.85 | 12.22 |
| History - European | 0 | 3 | 0 | 2 | 30 | 63 | 74.67 | 0 | 0 | 8.62 | 10.00 |
| Philosophy | 0 | 2 | 0 | 0 | 20 | 98 | 99.50 | 0 | 0 | 1.46 | 3.17 |
| Science - Chemistry | 0 | 2 | 1 | 0 | 15 | 88 | 94.00 | 0 | 0 | 1.46 | 4.44 |
| Social Science | 0 | 1 | 0 | 1 | 10 | 85 | 85.00 | 0 | 0 | 3.15 | 9.52 |
| Geography | 0 | 2 | 2 | 0 | 10 | 85 | 90.00 | 0 | 1 | 8.00 | 28.89 |
| Literature - European | 0 | 1 | 0 | 0 | 10 | 110 | 110.00 | 0 | 0 | 0.09 | 3.33 |
| Science - Other | 0 | 1 | 1 | 0 | 5 | 131 | 131.00 | 0 | 0 | 0.22 | 2.22 |
| Science - Physics | 0 | 1 | 1 | 1 | 5 | 106 | 106.00 | 0 | 0 | 0.00 | 1.11 |
| History - American | 0 | 1 | 2 | 0 | 0 | 54 | 54.00 | 0 | 0 | 5.09 | 6.67 |
| Science - Biology | 0 | 0 | 1 | 0 | -5 | 0.00 | 0 | 0 | 0.00 | 0.00 | |
| Literature - British | 0 | 0 | 2 | 0 | -10 | 0.00 | 0 | 0 | 0.00 | 0.00 |